00623nam a2200205Ia 4500008004100000020001800041050001400059100002300073245004100096245005900137245009000196260001500286260001600301260000900317300001500326300002700341300001000368440003000378500000900408170918s9999 xx 000 0 und d a9780545496681 bS634 2011 aSloan, Christopher aBaby mammoth mummy frozen in time! : ba prehistoric animal's journey into the 21st century / cChristopher Sloan ; cooperated by Bernard Buigues ; photography by Francis Latreille. aNew York : bScholastic, c2011 a48 pages : bcolored illustration ; c28cm. aNational geographic kids. a1120